| 000 | 00792nam a22002537a 4500 | ||
|---|---|---|---|
| 003 | OSt | ||
| 005 | 20251009173927.0 | ||
| 008 | 251009b |||||||| |||| 00| 0 sp d | ||
| 020 | _a9789929774100 | ||
| 040 |
_agtgcusch _bspa _cgtgcusch _dgtgcusch _eRDA |
||
| 082 | _aHMT 863 M828 | ||
| 100 | 1 | 0 |
_aMorales, Andrea _917941 |
| 245 |
_aPalabra para el animal / _cAndrea Morales. -- |
||
| 260 |
_aGuatemala : _bCultura, _c2019 |
||
| 300 |
_a72 p. ; _c21 cm. |
||
| 336 |
_2rdacontenido _atexto _btxt |
||
| 337 |
_2rdamedio _asin mediación _bn |
||
| 338 |
_2rdasoporte _avolumen _bnc |
||
| 490 |
_aColección cuento guatemalteco. Serie Augusto Monterroso _v53 |
||
| 650 |
_aCuentos guatemaltecos _9723 |
||
| 650 |
_aLiteratura guatemalteca _9737 |
||
| 942 |
_2ddc _cBK _kHMT 863 M828 _n0 |
||
| 999 |
_c9175 _d9175 |
||